GATE 2026: Life science: Microbiology (Record no. 395147)

MARC details
000 -LEADER
fixed length control field 00541 a2200205 4500
005 - DATE & TIME
control field 20260129103012.0
008 - FIXED-LENGTH DATA ELEMENTS--GENERAL INFORMATION
fixed length control field 260128b |||||||| |||| 00| 0 eng d
020 ## - ISBN
International Standard Book Number 9789356814905
Price $ 625.00
040 ## - CATALOGING SOURCE
Original cataloging agency VIVEKANANDA LIBRARY
082 ## - DDC NUMBER
Classification number 576
Book Number P881G
100 ## - MAIN ENTRY--PERSONAL NAME
Personal name Prabhanshu Kumar
245 ## - TITLE STATEMENT
Title GATE 2026: Life science: Microbiology
260 ## - PUBLICATION, DISTRIBUTION, ETC. (IMPRINT)
Name of publisher, distributor, etc G K Publications
Date of publication, distribution, etc 2026
Place of publication, distribution, etc New Delhi
300 ## - PHYSICAL DESCRIPTION
Pages v.
650 ## - Subject
Subject Life Science
650 ## - Subject
Subject Microbiology
650 ## - Subject
Subject GATE 2026 -Microbiology
700 ## - Added Entry Personal Name
Added Entry Personal Name Chandra, Pranjanl
942 ## - ADDED ENTRY ELEMENTS (KOHA)
Koha item type Books
Holdings
Withdrawn status Lost status Source of classification or shelving scheme Damaged status Not for loan Location (home branch) Sublocation or collection (holding branch) Shelving location Date acquired Koha issues (times borrowed) Koha full call number Accession No. Koha date last seen Copy number Koha item type
    Dewey Decimal Classification     VIVEKANANDA LIBRARY VIVEKANANDA LIBRARY Vivekananda Library 22/12/2025 1 576 P881G 443793 23/02/2026 R Books
    Dewey Decimal Classification     VIVEKANANDA LIBRARY VIVEKANANDA LIBRARY Vivekananda Library 22/12/2025   576 P881G 443794 22/12/2025 R Books
© Designed and Maintained by Vivekananda Library, MDU Rohtak